| 000 | 00606nam a2200229Ia 4500 | ||
|---|---|---|---|
| 003 | GCL | ||
| 008 | 140319s9999 xx 000 0 eng d | ||
| 040 |
_aGCL / _cGCL |
||
| 082 | 0 | 4 |
_aCC _b932 _bB H |
| 100 | 1 | _aBERGER, CATHERINE | |
| 245 | 1 | 0 |
_aHOMMAGES A JEAN LECLANT / _cBERGER, CATHERINE |
| 700 | 1 | _aGRIMAL, NICOLAS CHRISTAPHE. | |
| 700 | 1 | _aCLERC, GISELE | |
| 260 |
_a[S.N] : _bINSTITUT FRANCAIS D'ARCHEOLOGIE ORIENTAL ، _c1994 |
||
| 650 | 0 | 4 | _aNUBIA |
| 650 | 0 | 4 | _aANCIENT EGYPT |
| 650 | 0 | 4 | _aARCHAEOLOGY |
| 650 | 0 | 4 | _aEGYPTOLOGY |
| 650 | 0 | 4 | _aSUDAN |
| 650 | 0 | 4 | _aETHIOPIA |
| 942 |
_2ddc _cBK |
||
| 999 |
_c25434 _d25434 |
||